Фразеологічні одиниці з компонентом "body" (Запис № 284131)

МАРК-запис
000 -LEADER
fixed length control field 01518nam a22001577a 4500
041 ## - LANGUAGE CODE
Language code of text/sound track or separate title ukr
080 ## - UNIVERSAL DECIMAL CLASSIFICATION NUMBER
Universal Decimal Classification number 09
090 ## - LOCALLY ASSIGNED LC-TYPE CALL NUMBER (OCLC); LOCAL CALL NUMBER (OCLC)
Local cutter number (OCLC) ; Book number/undivided call number, CALL (RLIN) ОНУ
100 ## - MAIN ENTRY--PERSONAL NAME
Personal name Онук Ю.С.
245 ## - TITLE STATEMENT
Title Фразеологічні одиниці з компонентом "body"
260 ## - PUBLICATION, DISTRIBUTION, ETC. (IMPRINT)
Place of publication, distribution, etc Острог
Name of publisher, distributor, etc КАФ
Date of publication, distribution, etc 2009
300 ## - PHYSICAL DESCRIPTION
Extent 49
520 ## - SUMMARY, ETC.
Summary, etc ВСТУП<br/>РОЗДІЛ 1 ПРОБЛЕМИ АНГЛІЙСЬКОЇ ФРАЗЕОЛОГІЇ ТА ПІДХОДИ ДО ЇЇ ВИВЧЕННЯ<br/>1.1 Підходи до вивчення фразеологічних одиниць.<br/>1.2 Термінування мовної одиниці, що є першим елементом фразеології.<br/>1.3 Природа фразеологізмів та їх компонентів.<br/>1.4 Семантика фразеологічних одиниць.<br/>РОЗДІЛ 2 КЛАСИФІКАЦІЯ ФРАЗЕОЛОГІЧНИХ ОДИНИЦЬ З КОМПОНЕНТОМ "BODY"<br/>2.1 Семантична класифікація ФО В.В. Виноградова та структурно-семантична класифікація О.В.Куніна.<br/>2.2 Класифікація ФО І.В. Арнольд згідно їх граматичної структури та структурні типи ФО Є.Ф. Арсентьєвої.<br/>2.3 Класифікація ФО за способом перекладу.<br/>2.4 Тематична класифікація ФО.<br/>ВИСНОВКИ
-- фразеологія,
650 ## - SUBJECT ADDED ENTRY--TOPICAL TERM
Topical term or geographic name as entry element Research Papers
942 ## - ADDED ENTRY ELEMENTS (KOHA)
Koha item type Книги
Фонди
Withdrawn status Lost status Source of classification or shelving scheme Damaged status Not for loan Home library Current library Date acquired Source of acquisition Cost, normal purchase price Total Checkouts Full call number Barcode Date last seen Price effective from Koha item type
    Universal Decimal Classification     ВІЛ - Відділ іноземн. літератури НБ ВІЛ - Відділ іноземн. літератури НБ 16/04/2009 Акт №1 1.00   09 213399 20/12/2021 16/04/2009 Книги